Mémoire sur le calcul des probabilités appliqué à la médecine, lu à l'Académie royale de médecine, dans sa séance du 25 avril 1837 / (Record no. 183564)

MARC details
000 -LEADER
campo de control de longitud fija 00601nam a2200157 i 4500
001 - NÚMERO DE CONTROL
campo de control 183564
003 - IDENTIFICADOR DE NÚMERO DE CONTROL
campo de control ES-MaACL
005 - FECHA Y HORA DE LA ÚLTIMA TRANSACCIÓN
campo de control 20230906221924.0
008 - DATOS DE LONGITUD FIJA--INFORMACIÓN GENERAL
campo de control de longitud fija 140722s1837 fr |||| | fre d
100 1# - ENTRADA PRINCIPAL--NOMBRE DE PERSONA
Nombre de persona Amador, Risueño d'.
9 (RLIN) 155041
245 10 - MENCIÓN DEL TÍTULO
Título Mémoire sur le calcul des probabilités appliqué à la médecine, lu à l'Académie royale de médecine, dans sa séance du 25 avril 1837 /
Mención de responsabilidad, etc. par Risueño d'Amador,.
260 ## - PUBLICACIÓN, DISTRIBUCIÓN, ETC.
Lugar de publicación, distribución, etc. Paris :
Nombre del editor, distribuidor, etc. J.-B. Baillière,
Fecha de publicación, distribución, etc. 1837.
300 ## - DESCRIPCIÓN FÍSICA
Extensión 134 p. ;
Dimensiones 22 cm.
650 #4 - PUNTO DE ACCESO ADICIONAL DE MATERIA--TÉRMINO DE MATERIA
Término de materia o nombre geográfico como elemento de entrada Estadística médica.
9 (RLIN) 155040
852 ## - LOCALIZACIÓN
Ubicación ES-MaACL
Número de control de estantería R-1360(5)
Nota libre .- Donat. Mateo Seoane
Holdings
Estatus retirado Estado de pérdida Estado de daño No para préstamo Colección Biblioteca de origen Biblioteca actual Ubicación en estantería Fecha de adquisición Fuente de adquisición Total de préstamos Signatura topográfica completa Código de barras Visto por última vez Precio de reemplazo Tipo de ítem Koha
        Libros del s. XIX Biblioteca del Ateneo de Madrid Biblioteca del Ateneo de Madrid Depósito 22/07/2014     R-1360-71(5) 1192945 23/02/2023 23/02/2023 Libro impreso antiguo